Los términos procesales / (Registro nro. 29668)
[ vista simple ]
| 000 -LEADER | |
|---|---|
| fixed length control field | 02253nam a2200277Ia 4500 |
| 003 - CONTROL NUMBER IDENTIFIER | |
| control field | CO-CtgCURN |
| 005 - DATE AND TIME OF LATEST TRANSACTION | |
| control field | 20250410224545.0 |
| 008 - FIXED-LENGTH DATA ELEMENTS--GENERAL INFORMATION | |
| fixed length control field | 190723s1994 xx 000 0 und d |
| 020 ## - INTERNATIONAL STANDARD BOOK NUMBER | |
| International Standard Book Number | 9589288170 |
| 040 ## - CATALOGING SOURCE | |
| Original cataloging agency | CO-CtgCURN |
| Language of cataloging | spa |
| Transcribing agency | coctgcurn |
| 082 ## - DEWEY DECIMAL CLASSIFICATION NUMBER | |
| Classification number | 347.05 |
| Item number | S684t |
| 100 ## - MAIN ENTRY--PERSONAL NAME | |
| Personal name | Solano Sierra, Jairo Enrique |
| Relator term | autor |
| -- | prólogo |
| 9 (RLIN) | 9523 |
| 245 #0 - TITLE STATEMENT | |
| Title | Los términos procesales / |
| Statement of responsibility, etc. | Jairo Enrique Solano Sierra |
| 250 ## - EDITION STATEMENT | |
| Edition statement | 2 edición |
| 260 ## - PUBLICATION, DISTRIBUTION, ETC. | |
| Place of publication, distribution, etc. | Bogotá, Colombia : |
| Name of publisher, distributor, etc. | Ediciones Doctrina y Ley, |
| Date of publication, distribution, etc. | 1994 |
| 300 ## - PHYSICAL DESCRIPTION | |
| Extent | 472 páginas ; |
| Dimensions | 23 centímetros |
| 500 ## - GENERAL NOTE | |
| General note | Incluye prólogo e índice |
| 504 ## - BIBLIOGRAPHY, ETC. NOTE | |
| Bibliography, etc. note | Incluye referencia bibliográficas (p. [471]-472) |
| 505 ## - FORMATTED CONTENTS NOTE | |
| Formatted contents note | Título preliminar -- El derecho procesal -- I. La ley procesal -- II. Formas y normas procesales -- III. El proceso -- IV. El procedimiento -- V. Impulso procesal -- VI. Actos procesales -- Título I. Introducción a los términos procesales correlacionados y tema -- Cap. 1. Los términos procesales -- Cap. 2. Clasificación de los procesos y legislación sobre términos procesales -- Cap. 3. Causales de interrupción, suspensión y terminación anormal de los procesos -- Cap. 4. Las notificaciones -- Cap. 5. Los términos en relación con los medios de impugnación -- Cap. 6. Deberes y responsabilidad disciplinaria del juez y de los sujetos procesales -- título II. Los términos en la actuación procesal según la clase de procedimientos y de procesos -- Cap. 1. Los términos en el procedimiento civil y comercial -- Cap. 2. Los términos en los procesos de familia y de menores -- Cap. 3. Los términos en el proceso agrario -- Cap. 4. Los términos en el proceso laboral -- Cap. 5. Los términos en el proceso contencioso-administrativo -- Cap. 6. Los términos en e proceso penal -- Cap. 7. Los términos en los procesos de jurisdicción coactiva -- Cap. 8. Tramite y términos en el derecho canónico -- Cap. 9. En el derecho notarial -- Cap. 10. en el derecho procesal policivo. |
| 521 ## - TARGET AUDIENCE NOTE | |
| Target audience note | AREA PROFESIONAL |
| 590 ## - LOCAL NOTE (RLIN) | |
| Local note | Programa de Derecho_18 |
| 650 ## - SUBJECT ADDED ENTRY--TOPICAL TERM | |
| Topical term or geographic name entry element | Derecho procesal |
| 9 (RLIN) | 9524 |
| 650 ## - SUBJECT ADDED ENTRY--TOPICAL TERM | |
| Topical term or geographic name entry element | Procedimiento civil |
| 9 (RLIN) | 9525 |
| 942 ## - ADDED ENTRY ELEMENTS (KOHA) | |
| Koha item type | Libros |
| Classification part | 347.05 |
| Item part | S684t |
| Source of classification or shelving scheme | Dewey Decimal Classification |
| Suppress in OPAC | No |
| Withdrawn status | Lost status | Damaged status | Not for loan | Collection | Home library | Current library | Shelving location | Date acquired | Inventory number | Total checkouts | Full call number | Barcode | Date last seen | Copy number | Price effective from | Koha item type |
|---|---|---|---|---|---|---|---|---|---|---|---|---|---|---|---|---|
| Miguel Henríquez Castañeda Barranquilla | Miguel Henríquez Castañeda Barranquilla | General | 05/23/2018 | 02312 | 347.05 S684t | 02312 | 07/23/2019 | ej.1 | 07/23/2019 | Libros |